000 00306nam a2200133Ia 4500
003 OSt
005 20240327104049.0
008 170523s9999 xx 000 0 und d
020 _a978-9387273498
040 _cIIMT
100 _aGUPTA- S L
245 0 _aSALES AND DISTRIBUTION MANAGEMENT
942 _2ddc
_c02
999 _c10266
_d10266